Estadísticas para Mapa de las Ciudades de España

Haz click aquí para tomar la prueba!

Estadísticas generales

  • Esta prueba ha sido tomada 7.983 veces
  • La puntuación promedio es 13 de 15

Respuestas en el mapa

Las respuestas están codificadas por una escala verde-roja en el mapa de la prueba según el % correcto abajo.
Cargando...
 

Estadísticas de respuestas

Respuesta% Correcto
Madrid
95%
Barcelona
93%
Valencia
88%
Ceuta
86%
Sevilla
85%
Las Palmas
85%
Palma de Mallorca
84%
La Coruña
84%
Murcia
83%
Bilbao
82%
Málaga
80%
Pamplona
79%
Zaragoza
77%
Valladolid
77%
Mérida
77%

Distribución de puntuación

Porcentaje por número respondido

Porcentaje de gente con cada puntuación

Historial de tus puntuaciones

No has tomado esta prueba